| 000 | 00489nam a2200169 4500 | ||
|---|---|---|---|
| 001 | 132764 | ||
| 003 | ES-MaACL | ||
| 005 | 20230906194238.0 | ||
| 007 | t| | ||
| 008 | 070214s1968 sp r ||||1| spa d | ||
| 100 | 1 |
_aRos Torner, Antonio. _999596 |
|
| 245 | 1 | 0 |
_aCombate _b: movimiento de defensa y de control / _cAntonio Ros Torner. |
| 250 | _a1ª ed. | ||
| 260 |
_aBarcelona : _bScholz, _c1968. |
||
| 300 |
_a90 p., 4 lám. : _bil. ; _c22 cm. |
||
| 852 |
_aES-MaACL _jC-37128 _bR.65890 |
||
| 999 |
_c132764 _d132764 |
||